000 00365 a2200145 4500
001 180509
020 _a
040 _cMagnum
100 _aMori, Nerli Nonato Ribeiro
240 1 0 _aUma experiencia de alfabetizacao com repetentes
_lpor
245 1 0 _aUma experiencia de alfabetizacao com repetentes
362 0 _a1899
697 _aMAGNITO: ENSINO
942 _cBK
999 _c180509
_d180509